000
00428nam a2200145Ia 4500
008
100122s9999 xx 000 0 und d
082
_b
521
_a
823
100
_a
आपटे ह ना
245
_a
यशवंतराव खरे
260
_b
प्रकाशक शोधणे
_c
1924
300
_a
50
630
_a
यशवंतराव खरे
730
_a
यशवंतराव खरे
942
_c
BOOK
999
_c
395698
_d
395695